000 00309 a2200145 4500
001 167314
020 _a
040 _cMagnum
100 _aFazolo, Eliane (Org.)
240 1 0 _aEducacao infantil em curso
_lpor
245 1 0 _aEducacao infantil em curso
362 0 _a1899
697 _aENSINO
942 _cBK
999 _c167314
_d167314